| 000 | 00820nam a2200301Ia 4500 | ||
|---|---|---|---|
| 008 | 160321s9999||||xx |||||||||||||| ||und|| | ||
| 040 | _cEnglish | ||
| 082 | _aXI.B Shah | ||
| 082 | _bBORI-17678 | ||
| 100 | _aN. N. Shah | ||
| 245 | _aAcheivements Test in Arithamatic For Primary Children | ||
| 260 | _aBAroda | ||
| 260 | _bMaharaja Sayajirao University of Baroda | ||
| 260 | _c1956 | ||
| 300 | _a18 | ||
| 300 | _cB | ||
| 300 | _ePaperbook | ||
| 530 | _bPatwardhan | ||
| 530 | _u00054885.pdf | ||
| 563 | _aStudy | ||
| 600 | _aN. N. Shah | ||
| 630 | _aAcheivements Test in Arithamatic For Primary Children | ||
| 650 | _a"Social History,Culture" | ||
| 650 | _aGeneral Indology | ||
| 700 | _aN. N. Shah | ||
| 730 | _aAcheivements Test in Arithamatic For Primary Children | ||
| 942 | _cBOOK | ||
| 999 |
_c1358334 _d1358331 |
||